000 00359 a2200133 4500
005 20250629105014.0
020 _a0-13-014427-4
082 _a658.8 MAR
245 _aMarketing: Real People Real Decision
260 _aNew York,
_bPrentice Hall,
_c2001.
300 _axv,565p.; ill.; picture
_bIndex
_c25cm
700 _aSOLOMON, M. R. et all...
942 _2ddc
_cBKS
999 _c6273
_d6273